50 Least Populated Countries - Statistics

General Stats
  • This quiz has been taken 934 times
    933 since last reset
  • The average score is 33 of 50
Answer Stats
Aprroximate Population Country % Correct
900 Vatican City
97%
33,000 San Marino
89%
77,000 Andorra
86%
37,000 Monaco
85%
10,000 Nauru
85%
11,000 Tuvalu
84%
56,000 Marshall Islands
81%
55,000 Saint Kitts and Nevis
81%
185,000 Saint Lucia
80%
109,000 Saint Vincent and the Grenadines
80%
21,000 Palau
79%
859,000 Fiji
78%
103,000 Tonga
78%
188,000 Samoa
77%
90,000 Seychelles
77%
285,000 Barbados
76%
106,000 Kiribati
76%
37,000 Liechtenstein
76%
425,000 Malta
76%
563,000 Luxembourg
75%
581,000 Solomon Islands
75%
101,000 Micronesia
74%
86,000 Antigua and Barbuda
73%
103,000 Grenada
73%
341,000 Maldives
73%
265,000 Vanuatu
72%
71,000 Dominica
71%
518,000 Cape Verde
70%
764,000 Comoros
70%
1,216,000 Mauritius
69%
187,000 Sao Tome and Principle
69%
368,000 The Bahamas
67%
330,000 Iceland
66%
393,000 Brunei
65%
1,212,000 East Timor
64%
858,000 Cyprus
62%
1,317,000 Bahrain
59%
358,000 Belize
59%
534,000 Suriname
55%
761,000 Bhutan
54%
747,000 Guyana
53%
1,827,000 Kosovo
53%
900,000 Djibouti
49%
620,000 Montenegro
49%
1,313,000 Estonia
43%
1,430,000 Equatorial Guinea
37%
1,119,000 Swaziland
30%
1,788,000 Guinea-Bissau
27%
1,328,000 Trinidad and Tobago
27%
1,751,000 Gabon
14%
No matching quizzes found
Score Distribution
Percent of People with Each Score
Percentile by Number Answered
Your Score History
You have not taken this quiz since the last reset